000 00617nab a2200217 a 4500
005 20210219161432.0
008 991125s1985 mx 000 0 spa u
035 _aUPN01000184997
100 1 _aLoredo, José Carlos
222 _aESTUDIOS DE PSICOLIGA
245 _aAntropotecnias fin de siecle : la subjetividad decadente de Jean Floressas des Esseintes
260 _aMadrid, España
300 _a389-404
362 0 _a2011 Vol. 32, no. 3, nov.
653 0 _aSUBJETIVIDAD
653 0 _aDANDISMO
653 0 _aPSICOLOGIA DEL ARTE
700 1 _aCastro, Jorge,
700 1 _ecoaut.
905 _aArticulo
999 _c157100
_d157100